书目信息 |
| 题名: |
一二九运动
|
|
| 作者: | ||
| 分册: | ||
| 出版信息: | 北京 人民出版社 1954 |
|
| 页数: | 158页 | |
| 开本: | 19cm | |
| 丛书名: | ||
| 单 册: | ||
| 中图分类: | K264.5 | |
| 科图分类: | ||
| 主题词: | 一二·九运动--史料 | |
| 电子资源: | ||
| ISBN: | ||
| 000 | 00540nam0 2200217 45 | |
| 001 | 0181009941 | |
| 005 | 20060815110313.23 | |
| 010 | @dCNY0.38 | |
| 091 | @aCN@b11001.60 | |
| 100 | @a19950605d1954 em y0chiy0121 ea | |
| 101 | 0 | @achi |
| 102 | @aCN@b110000 | |
| 105 | @ay z 000yy | |
| 200 | 10 | @a一二九运动@Ayi er jiu yun dong |
| 210 | @a北京@c人民出版社@d1954 | |
| 215 | @a158页@d19cm | |
| 606 | @a一二·九运动@x史料 | |
| 690 | @aK264.5@v3 | |
| 801 | 2 | @aCN@bNLC@c20060815 |
| 801 | 0 | @aCN@bTSSF@c20060731 |
| 905 | @a10447@dK264.5@e38 | |
| 一二九运动.-北京:人民出版社,1954 |
| 158页;19cm |
| ISBN :CNY0.38 |
| ● |
| 相关链接 |
|
|
|
|
正题名:一二九运动
索取号:K264.5/38
 
预约/预借
| 序号 | 登录号 | 条形码 | 馆藏地/架位号 | 状态 | 备注 |
| 1 | 0436242 | 204362420 | 密集书库/ [索取号:K264.5/38] | 在馆 | |
| 2 | 0436243 | 204362439 | 密集书库/ [索取号:K264.5/38] | 在馆 | |
| 3 | 0443845 | 204438457 | 密集书库/ [索取号:K264.5/38] | 在馆 | |
| 4 | 0462802 | 204628028 | 密集书库/ [索取号:K264.5/38] | 在馆 | |
| 5 | 0462803 | 204628037 | 密集书库/ [索取号:K264.5/38] | 在馆 | |
| 6 | 0462804 | 204628046 | 密集书库/ [索取号:K264.5/38] | 在馆 |